000 00717aas a2200241 4500
999 _c3938
_d3938
003 BR-BrBNA
005 20230317233937.0
007 ta
008 230119b bl ||||| |||| 00| 0 por d
022 _a0100-5650
035 _a000485-5
040 _aBR-BrBNA
_bPor
_cBR-BrBNA
042 _a002007-9
044 _abl
245 _aAgricultura. A Força Verde (Brazil)
260 _aRio de Janeiro-RJ
_bGuavira Editores Ltda.
_c1977. Data final de publicação em 1981
_eBRJ
270 _aAv. Almirante Barroso 90 - 3º andar - 20019-000 - Rio de Janeiro - RJ
310 _airregular
500 _aTítulo suspenso
505 _a1977-80 1-2(1-27); 1981 2(29); 1983 8(90);
909 _a56
_bSergio Santos
_c56
_dSergio Santos
942 _cCR
_2AGRIS